Southville International School and Colleges
Your cart is empty.
  • Cart
  • Lists
    Public lists Eva Luna New books Lux_list list_1
    Your lists Log in to create your own lists
  • Log in to your account
  • Your cookies
  • Search history
Southville International School and Colleges
  • Advanced search
  • Recent comments
  • Most popular
  • Libraries

Log in to your account

Log in with GOOGLE


If you do not have an external account, but do have a local account, you can still log in:

  1. Home
  2. MARC view: Power through people and principles :
Normal view MARC view ISBD view

Power through people and principles : (Record no. 14698)

[ view plain ]
MARC details
000 -LEADER
fixed length control field 00594nam a2200193 a 4500
003 - CONTROL NUMBER IDENTIFIER
control field PILC
005 - DATE AND TIME OF LATEST TRANSACTION
control field 20150112093440.0
008 - FIXED-LENGTH DATA ELEMENTS--GENERAL INFORMATION
fixed length control field 100723s19uu xx 00 eng d
020 ## - INTERNATIONAL STANDARD BOOK NUMBER
International Standard Book Number 007116443X
050 ## - LIBRARY OF CONGRESS CALL NUMBER
Classification number BD 438
Item number .K17 2000
082 ## - DEWEY DECIMAL CLASSIFICATION NUMBER
Classification number MnSF 658.4093
Item number K143 2000
100 ## - MAIN ENTRY--PERSONAL NAME
Personal name Kapur, Vipen
9 (RLIN) 17918
245 ## - TITLE STATEMENT
Title Power through people and principles :
Remainder of title not Puppets and Prejudices /
Statement of responsibility, etc Vipen Kapur
260 ## - PUBLICATION, DISTRIBUTION, ETC. (IMPRINT)
Place of publication, distribution, etc Singapore :
Name of publisher, distributor, etc McGraw Hill Book Co. - Singapore,
Date of publication, distribution, etc 2000.
300 ## - PHYSICAL DESCRIPTION
Extent 305 pages :
Dimensions 22 cm.
650 ## - SUBJECT ADDED ENTRY--TOPICAL TERM
Topical term or geographic name as entry element Leadership
9 (RLIN) 483
650 ## - SUBJECT ADDED ENTRY--TOPICAL TERM
Topical term or geographic name as entry element People empowerment
9 (RLIN) 17919
942 ## - ADDED ENTRY ELEMENTS (KOHA)
Source of classification or shelving scheme Library of Congress Classification
Koha item type Books
Holdings
Withdrawn status Lost status Source of classification or shelving scheme Damaged status Home library Current library Shelving location Date acquired Total Checkouts Full call number Barcode Date last seen Copy number Price effective from Koha item type
    Library of Congress Classification   Southville International School Affiliated with Foreign Universities Library Southville International School Affiliated with Foreign Universities Library Southville Foreign University Section 09/11/2013   BD 438 .K17 2000 SFU1110 05/15/2018 1 09/11/2013 Books

Power through people and principles :

APA

Kapur V., . (2000). Power through people and principles. Singapore: McGraw Hill Book Co. - Singapore.

Chicago

Kapur Vipen, . 2000. Power through people and principles. Singapore: McGraw Hill Book Co. - Singapore.

Harvard

Kapur V., . (2000). Power through people and principles. Singapore: McGraw Hill Book Co. - Singapore.

MLA

Kapur Vipen, . Power through people and principles. Singapore: McGraw Hill Book Co. - Singapore. 2000.

  • Place hold
  • Print
  • Cite
  • Add to your cart (remove)
  • Save record
    BIBTEX Dublin Core MARCXML MARC (non-Unicode/MARC-8) MARC (Unicode/UTF-8) MARC (Unicode/UTF-8, Standard) MODS (XML) RIS
  • More searches
    Search for this title in:
    Other Libraries (WorldCat) Other Databases (Google Scholar) Online Stores (Bookfinder.com) Open Library (openlibrary.org)

Exporting to Dublin Core...

SOUTHVILLE LIBRARY

Southville International School and Colleges Library

1281 Tropical Ave. Cor. Luxembourg St., BF Homes International, Las Pinas City

Tel. No. 8256374 / 252358 Loc. 117/146

Powered by Koha